GTA IV & GTA V Vehicle Brands - Statistics

General Stats
  • This quiz has been taken 335 times
  • The average score is 18 of 60
Answer Stats
Answer % Correct
Pegassi
71%
Vapid
68%
Bravado
65%
Benefactor
62%
Grotti
60%
Karin
60%
Obey
56%
Übermacht
53%
Albany
52%
Pfister
52%
Annis
50%
Dinka
49%
Ocelot
47%
Truffade
45%
Declasse
43%
Lampadati
41%
Dewbauchee
39%
Canis
38%
Coil
37%
Enus
37%
Maibatsu Corporation
34%
Progen
34%
BF
31%
Imponte
31%
Overflod
31%
HVY
29%
Emperor
28%
Brute
27%
Cheval
27%
Nagasaki
27%
Shitzu
25%
Zirconium
25%
Buckingham
24%
Gallivanter
24%
Dundreary
23%
Invetero
23%
Schyster
23%
Bollokan
22%
Mammoth
22%
MTL
22%
Hijak
21%
Weeny
21%
Willard
21%
Jobuilt
20%
Fathom
19%
Principe
19%
Classique
18%
Chariot
14%
Speedophile
14%
Western Company
13%
Western Motorcycle Company
13%
Stanley
12%
Jacksheepe
11%
Liberty City Cycles
11%
Liberty Chop Shop
9%
Steel Horse
8%
DUDE
7%
Kraken Submersibles
7%
ProLaps
7%
Vulgar
4%
No matching quizzes found
Score Distribution
Percent of People with Each Score
Percentile by Number Answered
Your Score History
You have not taken this quiz